书目信息 |
| 题名: |
旅游导向的美丽乡村发展
|
|
| 作者: | 朱万峰 , 时玉亮 , 王好勇 编著 | |
| 分册: | ||
| 出版信息: | 北京 新世界出版社 2014 |
|
| 页数: | 302页 | |
| 开本: | 26cm | |
| 丛书名: | ||
| 单 册: | ||
| 中图分类: | F592.3 | |
| 科图分类: | ||
| 主题词: | 乡村--旅游业发展--研究--中国 , 观光农业--研究--中国 | |
| 电子资源: | ||
| ISBN: | 978-7-5104-4285-8 | |
| 000 | 01237nam0 2200289 450 | |
| 001 | 2369701744 | |
| 005 | 20231110093524.84 | |
| 010 | @a978-7-5104-4285-8@dCNY58.00 | |
| 100 | @a20141219d2014 em y0chiy50 ea | |
| 101 | 0 | @achi |
| 102 | @aCN@b110000 | |
| 105 | @aa z 000yy | |
| 200 | 1 | @a旅游导向的美丽乡村发展@Alv you dao xiang de mei li xiang cun fa zhan@e乡村旅游与休闲农业探索研究@f朱万峰,时玉亮,王好勇编著 |
| 210 | @a北京@c新世界出版社@d2014 | |
| 215 | @a302页@c图@d26cm | |
| 312 | @a封面英文题名:Tourism-oriented development of beautiful countryside | |
| 330 | @a本书分九章,主要包括解读旅游导向的美丽乡村;乡村旅游与休闲农业的发展历程;乡村旅游与休闲农业的经典案例;美丽乡村的旅游资源;乡村旅游和休闲农业开发模式;旅游导向的美丽乡村策划与规划等内容。 | |
| 510 | 1 | @aTourism-oriented development of beautiful countryside@zeng |
| 517 | 1 | @a乡村旅游与休闲农业探索研究@Axiang cun lv you yu xiu xian nong ye tan suo yan jiu |
| 606 | 0 | @a乡村@x旅游业发展@x研究@y中国 |
| 606 | 0 | @a观光农业@x研究@y中国 |
| 690 | @aF592.3@v5 | |
| 701 | 0 | @a朱万峰@Azhu wan feng@4编著 |
| 701 | 0 | @a时玉亮@Ashi yu liang@4编著 |
| 701 | 0 | @a王好勇@Awang hao yong@4编著 |
| 801 | 0 | @aCN@b安徽时代@c20230923 |
| 905 | @aBZT@dF592.3@e17 | |
| 旅游导向的美丽乡村发展:乡村旅游与休闲农业探索研究/朱万峰,时玉亮,王好勇编著.-北京:新世界出版社,2014 |
| 302页:图;26cm |
| ISBN 978-7-5104-4285-8:CNY58.00 |
| 本书分九章,主要包括解读旅游导向的美丽乡村;乡村旅游与休闲农业的发展历程;乡村旅游与休闲农业的经典案例;美丽乡村的旅游资源;乡村旅游和休闲农业开发模式;旅游导向的美丽乡村策划与规划等内容。 |
| ● |
| 相关链接 |
|
|
|
正题名:旅游导向的美丽乡村发展
索取号:F592.3/17
 
预约/预借
| 序号 | 登录号 | 条形码 | 馆藏地/架位号 | 状态 | 备注 |
| 1 | 2000919511 | 2000919511 | 第四书库/四6架A面3层4列/ [索取号:F592.3/17] | 在馆 | |
| 2 | 2000919512 | 2000919512 | 第四书库/四6架A面3层4列/ [索取号:F592.3/17] | 在馆 | |
| 3 | 2000919513 | 2000919513 | 第四书库/四6架A面3层4列/ [索取号:F592.3/17] | 在馆 | |
| 4 | 2000919514 | 2000919514 | 培训中心一楼图书角/培训中心西7行9列/ [索取号:F592.3/17] | 在馆 | |
| 5 | 2000919515 | 2000919515 | 培训中心一楼图书角/培训中心西7行1列/ [索取号:F592.3/17] | 在馆 | |
| 6 | 2000919516 | 2000919516 | 培训中心一楼图书角/培训中心西7行1列/ [索取号:F592.3/17] | 在馆 |